[Event "2nd Gujarat Open 2019"]
[Site "Ahmedabad, Gujarat"]
[Date "2019.09.25"]
[Round "6.24"]
[White "Kavinda, Akila"]
[Black "Srihari L R"]
[Result "0-1"]
[WhiteElo "2029"]
[BlackElo "2283"]
[Annotator "NA"]
[PlyCount "72"]
[EventDate "2019.09.22"]
[EventType "swiss"]
[EventCountry "IND"]
[SourceTitle "playchess.com"]
[Source "ChessBase"]
[SourceQuality "1"]
[TimeControl "5400+30"]

1. Nf3 d6 2. d4 Nd7 3. g3 Ngf6 4. Bg2 e5 5. O-O c6 6. b3 e4 7. Ng5 d5 8. c4 Be7 9. Nc3 O-O 10. Nh3 Re8 11. cxd5 cxd5 12. f3 Bb4 13. Bb2 exf3 14. exf3 Nf8 15. a3 Bxc3 16. Bxc3 Bxh3 17. Bxh3 Qb6 18. Rb1 h5 19. Qd3 h4 20. Kg2 Ng6 21. Bd2 Nh5 22. Bg4 Nf6 23. Bf5 Ne7 24. Bh3 Nc6 25. Be3 hxg3 26. hxg3 Re7 27. Bf2 Rae8 28. Rb2 Na5 29. Rfb1 Qd6 30. a4 g6 31. Qd2 Qb6 32. Qh6 Re2 33. Be6 R8xe6 34. Rh1 Nh5 35. Rxe2 Rxe2 36. Rxh5 gxh5 0-1

[Event "2nd Gujarat Open 2019"]
[Site "Ahmedabad, Gujarat"]
[Date "2019.09.25"]
[Round "6.25"]
[White "Abu Sufian, Shakil"]
[Black "Katdare, Jayant C"]
[Result "1-0"]
[WhiteElo "2255"]
[BlackElo "2046"]
[Annotator "NA"]
[PlyCount "138"]
[EventDate "2019.09.22"]
[EventType "swiss"]
[EventCountry "IND"]
[SourceTitle "playchess.com"]
[Source "ChessBase"]
[SourceQuality "1"]
[TimeControl "5400+30"]

1. e4 {[%emt 0:00:00]} c5 {[%emt 0:00:00]} 2. Nf3 {[%emt 0:00:00]} d6 {[%emt 0:00:03]} 3. d4 {[%emt 0:00:00]} cxd4 {[%emt 0:00:08]} 4. Nxd4 {[%emt 0:00:00]} Nf6 {[%emt 0:00:16]} 5. Nc3 {[%emt 0:00:00]} Nc6 {[%emt 0:00:10]} 6. Bc4 {[%emt 0:00:14]} Qb6 {[%emt 0:00:44]} 7. Nb3 {[%emt 0:00:14]} e6 {[%emt 0:00:20]} 8. Be3 {[%emt 0:00:06]} Qc7 {[%emt 0:00:30]} 9. Bd3 {[%emt 0:00:21]} a6 {[%emt 0:00:48]} 10. a4 {[%emt 0:00:12]} b6 {[%emt 0:02:15]} 11. f4 {[%emt 0:00:30]} Be7 {[%emt 0:02:03]} 12. O-O {[%emt 0:01:17]} Bb7 {[%emt 0:02:13]} 13. Kh1 {[%emt 0:07:40]} O-O {[%emt 0:05:44]} 14. Qe2 {[%emt 0:08:39]} Rfe8 {[%emt 0:07:10]} 15. Nd4 {[%emt 0:07:05]} Nxd4 {[%emt 0:13:52]} 16. Bxd4 {[%emt 0:00:02]} e5 {[%emt 0:00:15]} 17. fxe5 {[%emt 0:02:02]} dxe5 {[%emt 0:00:08]} 18. Be3 {[%emt 0:01:26]} Rec8 {[%emt 0:14:48]} 19. Bg5 {[%emt 0:02:53]} a5 {[%emt 0:11:02]} 20. Rad1 {[%emt 0:10:48]} h6 {[%emt 0:08:09]} 21. Bxf6 {[%emt 0:00:50]} Bxf6 {[%emt 0:00:02]} 22. Nb5 {[%emt 0:09:20]} Qc6 {[%emt 0:04:33]} 23. b3 {[%emt 0:01:18]} Rd8 {[%emt 0:02:31]} 24. Rde1 {[%emt 0:01:47]} Bc8 {[%emt 0:02:00]} 25. Bc4 {[%emt 0:07:30]} Be6 {[%emt 0:06:19]} 26. Bxe6 {[%emt 0:00:27]} fxe6 {[%emt 0:00:05]} 27. Na3 {[%emt 0:01:36]} Rd4 {[%emt 0:02:17]} 28. Nc4 {[%emt 0:03:02]} Rc8 {[%emt 0:01:00]} 29. Qh5 {[%emt 0:08:25]} Rxc4 {[%emt 0:05:34]} 30. bxc4 {[%emt 0:00:03]} Rf8 {[%emt 0:00:30]} 31. Qe2 {[%emt 0:07:41]} Qxa4 {[%emt 0:00:37]} 32. Rb1 {[%emt 0:00:27]} Qc6 {[%emt 0:02:04]} 33. Rb5 {[%emt 0:01:43]} a4 {[%emt 0:03:24]} 34. c5 {[%emt 0:00:59]} bxc5 {[%emt 0:00:11]} 35. Qc4 {[%emt 0:00:11]} Ra8 {[%emt 0:00:29]} 36. Rxc5 {[%emt 0:04:47]} Qa6 37. Qxa6 {[%emt 0:01:06]} Rxa6 {[%emt 0:00:49]} 38. Ra1 {[%emt 0:00:07]} Be7 {[%emt 0:00:52]} 39. Rb5 {[%emt 0:04:23]} a3 {[%emt 0:01:44]} 40. Ra2 {[%emt 0:00:09]} Rd6 {[%emt 0:02:07]} 41. Kg1 {[%emt 0:00:19]} Rd2 {[%emt 0:00:12]} 42. Kf1 {[%emt 0:00:55]} Kf7 {[%emt 0:00:16]} 43. Rb3 {[%emt 0:01:19]} Bc5 {[%emt 0:00:29]} 44. Rf3+ {[%emt 0:00:16]} Ke7 {[%emt 0:00:09]} 45. h4 {[%emt 0:00:27]} Rd4 {[%emt 0:00:26]} 46. Rc3 {[%emt 0:02:01]} Bd6 {[%emt 0:00:27]} 47. Re3 {[%emt 0:00:22]} Bc5 {[%emt 0:00:21]} 48. Ke1 {[%emt 0:04:39]} Ra4 {[%emt 0:01:18]} 49. Re2 {[%emt 0:00:13]} Bd4 {[%emt 0:00:34]} 50. Kd2 {[%emt 0:00:14]} Kd6 {[%emt 0:00:48]} 51. c3 {[%emt 0:00:10]} Bc5 {[%emt 0:00:08]} 52. Kc2 {[%emt 0:00:17]} Kc6 {[%emt 0:00:39]} 53. Kb3 {[%emt 0:00:06]} Ra7 {[%emt 0:00:07]} 54. Rad2 {[%emt 0:01:42]} Rb7+ {[%emt 0:00:13]} 55. Kc4 {[%emt 0:01:39]} Ra7 {[%emt 0:00:41]} 56. h5 {[%emt 0:00:38]} Ra4+ {[%emt 0:00:49]} 57. Kb3 {[%emt 0:00:01]} Ra7 {[%emt 0:00:04]} 58. Rd8 {[%emt 0:01:08]} Be7 {[%emt 0:01:15]} 59. Rc8+ {[%emt 0:00:47]} Kb6 {[%emt 0:01:11]} 60. Rd2 {[%emt 0:00:57]} Rb7 {[%emt 0:00:36]} 61. Rg8 {[%emt 0:01:02]} Bc5 {[%emt 0:01:16]} 62. Rgd8 {[%emt 0:01:22]} Kc6+ {[%emt 0:00:29]} 63. Ka2 {[%emt 0:00:38]} Be7 {[%emt 0:00:10]} 64. Rg8 {[%emt 0:00:42]} Bd6 {[%emt 0:00:15]} 65. Rc8+ {[%emt 0:00:32]} Kd7 {[%emt 0:00:23]} 66. Rg8 {[%emt 0:00:19]} Kc6 {[%emt 0:00:02]} 67. Rc8+ {[%emt 0:00:02]} Kd7 {[%emt 0:00:08]} 68. Ra8 {[%emt 0:00:34]} Kc7 {[%emt 0:00:19]} 69. Ra6 {[%emt 0:00:19]} Bb4 1-0

[Event "2nd Gujarat Open 2019"]
[Site "Ahmedabad, Gujarat"]
[Date "2019.09.25"]
[Round "6.26"]
[White "Nikhil Magizhnan"]
[Black "Gaikwad, Siddhant"]
[Result "1-0"]
[WhiteElo "2251"]
[BlackElo "2034"]
[Annotator "NA"]
[PlyCount "93"]
[EventDate "2019.09.22"]
[EventType "swiss"]
[EventCountry "IND"]
[SourceTitle "playchess.com"]
[Source "ChessBase"]
[SourceQuality "1"]
[TimeControl "5400+30"]

1. e4 {[%emt 0:00:00]} c5 {[%emt 0:00:00]} 2. Nf3 {[%emt 0:00:00]} d6 {[%emt 0:00:00]} 3. c3 {[%emt 0:00:00]} Nf6 {[%emt 0:00:00]} 4. Bd3 {[%emt 0:00:00]} Bg4 {[%emt 0:08:54]} 5. Bc2 {[%emt 0:01:31]} Nc6 {[%emt 0:00:35]} 6. d3 {[%emt 0:00:25]} g6 {[%emt 0:01:32]} 7. h3 {[%emt 0:01:06]} Bxf3 {[%emt 0:00:56]} 8. Qxf3 {[%emt 0:00:02]} Bg7 {[%emt 0:00:05]} 9. O-O {[%emt 0:00:13]} O-O {[%emt 0:00:04]} 10. Qe2 {[%emt 0:02:54]} b5 {[%emt 0:02:00]} 11. Be3 {[%emt 0:19:13]} a5 {[%emt 0:03:15]} 12. d4 {[%emt 0:08:26]} cxd4 {[%emt 0:04:12]} 13. cxd4 {[%emt 0:01:09]} Nb4 {[%emt 0:03:09]} 14. Bd3 {[%emt 0:03:01]} Nxd3 {[%emt 0:00:51]} 15. Qxd3 {[%emt 0:00:03]} Qb8 {[%emt 0:03:38]} 16. Nd2 {[%emt 0:01:20]} Rc8 {[%emt 0:00:52]} 17. f4 {[%emt 0:01:39]} Qc7 {[%emt 0:04:42]} 18. Qxb5 {[%emt 0:20:10]} Rab8 {[%emt 0:03:36]} 19. Qe2 {[%emt 0:04:50]} Rb6 20. b3 Rxb3 {[%emt 0:01:08]} 21. Qf2 Rb2 22. Qf3 {[%emt 0:01:10]} Qb7 {[%emt 0:06:23]} 23. Rab1 {[%emt 0:10:51]} Rcc2 {[%emt 0:07:30]} 24. Rxb2 {[%emt 0:01:55]} Rxb2 {[%emt 0:04:38]} 25. Rc1 {[%emt 0:09:27]} Rxa2 {[%emt 0:06:37]} 26. f5 {[%emt 0:01:28]} h5 {[%emt 0:04:51]} 27. e5 {[%emt 0:04:19]} Nd5 {[%emt 0:04:47]} 28. f6 {[%emt 0:06:41]} exf6 {[%emt 0:10:19]} 29. exd6 {[%emt 0:00:05]} Rb2 {[%emt 0:02:33]} 30. Nc4 {[%emt 0:02:11]} Rb5 {[%emt 0:01:31]} 31. Bf2 {[%emt 0:00:37]} f5 {[%emt 0:02:33]} 32. Re1 {[%emt 0:00:43]} a4 {[%emt 0:01:24]} 33. Qa3 {[%emt 0:00:29]} Rb3 {[%emt 0:02:48]} 34. Na5 {[%emt 0:00:16]} Qa8 {[%emt 0:04:28]} 35. Qxa4 {[%emt 0:00:42]} Rb8 {[%emt 0:00:07]} 36. d7 {[%emt 0:00:31]} Nf4 {[%emt 0:02:30]} 37. Qc6 {[%emt 0:00:23]} Ne6 {[%emt 0:05:23]} 38. Qxa8 {[%emt 0:00:24]} Rxa8 {[%emt 0:00:05]} 39. d5 {[%emt 0:00:41]} Nd8 {[%emt 0:00:40]} 40. Nc6 {[%emt 0:00:22]} Bf6 {[%emt 0:00:10]} 41. Bb6 {[%emt 0:00:25]} Kg7 {[%emt 0:00:25]} 42. Re8 {[%emt 0:00:36]} Ra1+ {[%emt 0:00:17]} 43. Kh2 {[%emt 0:00:10]} Rd1 {[%emt 0:01:27]} 44. Bxd8 {[%emt 0:00:33]} Bxd8 {[%emt 0:00:06]} 45. Rxd8 {[%emt 0:00:33]} Rxd5 {[%emt 0:00:04]} 46. Rg8+ {[%emt 0:00:26]} Kxg8 {[%emt 0:00:03]} 47. Ne7+ {[%emt 0:00:15]} 1-0

[Event "2nd Gujarat Open 2019"]
[Site "Ahmedabad, Gujarat"]
[Date "2019.09.25"]
[Round "6.27"]
[White "Nayak Rajesh"]
[Black "Sri Sai Baswanth P"]
[Result "0-1"]
[WhiteElo "2227"]
[BlackElo "2013"]
[Annotator "NA"]
[PlyCount "139"]
[EventDate "2019.09.22"]
[EventType "swiss"]
[EventCountry "IND"]
[SourceTitle "playchess.com"]
[Source "ChessBase"]
[SourceQuality "1"]
[TimeControl "5400+30"]

1. Nf3 {[%emt 0:00:28]} g6 {[%emt 0:00:00]} 2. e4 {[%emt 0:02:08]} Bg7 {[%emt 0:00:05]} 3. d4 {[%emt 0:00:15]} d6 {[%emt 0:00:06]} 4. Bc4 {[%emt 0:01:15]} Nf6 {[%emt 0:00:05]} 5. Qe2 {[%emt 0:01:01]} O-O {[%emt 0:00:15]} 6. h3 {[%emt 0:00:38]} d5 {[%emt 0:01:43]} 7. exd5 {[%emt 0:00:30]} Nxd5 {[%emt 0:00:12]} 8. O-O {[%emt 0:00:16]} c6 {[%emt 0:06:40]} 9. a4 {[%emt 0:03:51]} Nd7 {[%emt 0:01:18]} 10. Bb3 {[%emt 0:01:19]} N7f6 {[%emt 0:05:26]} 11. Na3 {[%emt 0:00:21]} Qc7 {[%emt 0:09:35]} 12. Re1 {[%emt 0:01:42]} e6 {[%emt 0:01:40]} 13. Ne5 {[%emt 0:09:41]} c5 {[%emt 0:05:34]} 14. c4 {[%emt 0:03:33]} Nb4 {[%emt 0:00:09]} 15. Nb5 {[%emt 0:04:09]} Qe7 {[%emt 0:00:45]} 16. dxc5 {[%emt 0:02:23]} Qxc5 {[%emt 0:00:19]} 17. Nd3 {[%emt 0:05:12]} Nxd3 {[%emt 0:02:59]} 18. Qxd3 {[%emt 0:01:18]} Nd7 {[%emt 0:03:09]} 19. Bf4 {[%emt 0:04:39]} e5 {[%emt 0:01:55]} 20. Be3 {[%emt 0:00:51]} Qc6 {[%emt 0:00:30]} 21. Bc2 {[%emt 0:11:38]} a6 {[%emt 0:08:03]} 22. Nd6 {[%emt 0:02:32]} Nc5 {[%emt 0:03:05]} 23. Qa3 {[%emt 0:00:20]} Ne6 {[%emt 0:01:45]} 24. Be4 {[%emt 0:01:54]} Qc7 {[%emt 0:00:08]} 25. Bd5 {[%emt 0:00:18]} Rd8 {[%emt 0:01:59]} 26. c5 {[%emt 0:05:29]} Bf8 {[%emt 0:00:46]} 27. Rad1 {[%emt 0:03:02]} Rb8 {[%emt 0:06:55]} 28. a5 {[%emt 0:04:30]} Bxd6 {[%emt 0:03:53]} 29. Bxe6 {[%emt 0:05:29]} Be7 {[%emt 0:03:39]} 30. Bd5 {[%emt 0:01:23]} Bd7 {[%emt 0:00:07]} 31. Qb3 {[%emt 0:01:01]} Be8 {[%emt 0:00:13]} 32. Qb6 {[%emt 0:00:21]} Qc8 {[%emt 0:01:39]} 33. Qb4 {[%emt 0:03:22]} Bc6 {[%emt 0:00:50]} 34. Ba2 {[%emt 0:04:08]} Qf5 {[%emt 0:01:02]} 35. Qc4 {[%emt 0:00:21]} Rxd1 {[%emt 0:01:05]} 36. Rxd1 {[%emt 0:00:08]} Rd8 {[%emt 0:00:09]} 37. Rxd8+ {[%emt 0:00:08]} Bxd8 {[%emt 0:00:04]} 38. b4 {[%emt 0:00:08]} Qd7 {[%emt 0:01:21]} 39. Qc2 {[%emt 0:01:03]} Bf6 {[%emt 0:03:51]} 40. Bc4 {[%emt 0:00:54]} Kg7 {[%emt 0:00:50]} 41. Qe2 {[%emt 0:01:15]} Qf5 {[%emt 0:00:58]} 42. Bd3 {[%emt 0:00:36]} Qe6 {[%emt 0:01:15]} 43. b5 {[%emt 0:00:36]} axb5 {[%emt 0:03:33]} 44. Bxb5 {[%emt 0:00:09]} Bd8 {[%emt 0:02:56]} 45. Bc4 {[%emt 0:01:57]} Qf5 {[%emt 0:00:24]} 46. a6 {[%emt 0:01:14]} bxa6 {[%emt 0:00:40]} 47. Bxa6 {[%emt 0:00:08]} Qe4 {[%emt 0:00:59]} 48. Qf1 {[%emt 0:00:31]} f5 {[%emt 0:00:30]} 49. Bd3 {[%emt 0:01:24]} Qb4 {[%emt 0:00:48]} 50. Qa1 {[%emt 0:00:47]} Kf6 {[%emt 0:11:55]} 51. Qa6 {[%emt 0:05:20]} Qb7 {[%emt 0:00:07]} 52. Qa2 {[%emt 0:01:16]} f4 {[%emt 0:01:57]} 53. Qg8 {[%emt 0:00:45]} Qe7 {[%emt 0:02:00]} 54. Bd2 {[%emt 0:02:04]} Bc7 {[%emt 0:01:28]} 55. Bc4 {[%emt 0:01:00]} Be8 56. Bb4 {[%emt 0:01:46]} Bc6 {[%emt 0:02:29]} 57. Qc8 {[%emt 0:01:02]} h5 {[%emt 0:00:37]} 58. Bc3 {[%emt 0:01:16]} Kg5 59. Qh8 {[%emt 0:01:31]} Kh4 {[%emt 0:01:23]} 60. Qh6 {[%emt 0:00:50]} Be4 {[%emt 0:00:43]} 61. g3+ {[%emt 0:00:47]} Kxh3 {[%emt 0:00:47]} 62. gxf4 {[%emt 0:00:23]} exf4 {[%emt 0:00:25]} 63. Qh8 {[%emt 0:00:21]} Qxc5 {[%emt 0:01:09]} 64. Bf1+ {[%emt 0:00:49]} Kg4 {[%emt 0:00:09]} 65. Qf6 {[%emt 0:00:31]} Qg5 {[%emt 0:00:36]} 66. f3+ Bxf3 67. Bh3+ Kh4+ 68. Kh2 Qxf6 69. Bxf6+ g5 70. Bc3 0-1

[Event "2nd Gujarat Open 2019"]
[Site "Ahmedabad, Gujarat"]
[Date "2019.09.25"]
[Round "6.28"]
[White "Ziatdinov, Raset"]
[Black "Kadam Om Manish"]
[Result "1-0"]
[WhiteElo "2222"]
[BlackElo "1930"]
[Annotator "NA"]
[PlyCount "123"]
[EventDate "2019.09.22"]
[EventType "swiss"]
[EventCountry "IND"]
[SourceTitle "playchess.com"]
[Source "ChessBase"]
[SourceQuality "1"]
[TimeControl "5400+30"]

1. e4 {[%emt 0:00:00]} c5 {[%emt 0:00:00]} 2. Nf3 {[%emt 0:00:00]} d6 {[%emt 0:00:00]} 3. d4 {[%emt 0:00:00]} cxd4 {[%emt 0:00:00]} 4. Nxd4 {[%emt 0:00:00]} Nf6 {[%emt 0:00:10]} 5. Nc3 {[%emt 0:00:00]} a6 {[%emt 0:00:08]} 6. Bg5 {[%emt 0:00:00]} e6 {[%emt 0:00:14]} 7. h4 {[%emt 0:01:04]} Be7 {[%emt 0:02:49]} 8. g4 {[%emt 0:01:07]} Nbd7 {[%emt 0:03:27]} 9. Be3 {[%emt 0:03:23]} Ne5 {[%emt 0:21:02]} 10. g5 {[%emt 0:02:14]} Nfg4 {[%emt 0:01:11]} 11. Bc1 {[%emt 0:00:18]} Qb6 {[%emt 0:00:08]} 12. Be2 {[%emt 0:06:40]} Nc6 {[%emt 0:00:16]} 13. Bxg4 {[%emt 0:00:12]} Qxd4 {[%emt 0:00:19]} 14. Qe2 {[%emt 0:00:21]} Ne5 {[%emt 0:07:45]} 15. Be3 {[%emt 0:01:04]} Qb4 {[%emt 0:04:56]} 16. O-O {[%emt 0:01:30]} O-O {[%emt 0:03:30]} 17. Rab1 {[%emt 0:05:08]} d5 {[%emt 0:17:32]} 18. a3 {[%emt 0:02:18]} Qc4 {[%emt 0:00:38]} 19. Qxc4 {[%emt 0:01:43]} dxc4 {[%emt 0:00:34]} 20. Be2 {[%emt 0:00:10]} b5 {[%emt 0:00:04]} 21. f4 {[%emt 0:00:37]} Nd7 {[%emt 0:00:33]} 22. Rbd1 {[%emt 0:02:08]} Bc5 {[%emt 0:02:38]} 23. Kf2 {[%emt 0:03:42]} Rb8 {[%emt 0:03:06]} 24. Bxc5 {[%emt 0:04:02]} Nxc5 {[%emt 0:00:05]} 25. Rd6 {[%emt 0:00:32]} Bb7 {[%emt 0:01:08]} 26. Ke3 {[%emt 0:00:10]} Ba8 {[%emt 0:00:33]} 27. Rd4 {[%emt 0:05:33]} Rfe8 {[%emt 0:00:26]} 28. e5 {[%emt 0:00:52]} a5 {[%emt 0:06:50]} 29. h5 {[%emt 0:03:02]} Kf8 {[%emt 0:05:35]} 30. Rg1 {[%emt 0:00:31]} Ke7 {[%emt 0:02:40]} 31. h6 {[%emt 0:01:24]} g6 {[%emt 0:00:59]} 32. Rb1 {[%emt 0:00:51]} Rec8 {[%emt 0:00:23]} 33. Rf1 {[%emt 0:00:00]} Re8 {[%emt 0:00:08]} 34. Rb1 {[%emt 0:01:00]} Rec8 {[%emt 0:00:52]} 35. Nd1 {[%emt 0:02:09]} Bd5 {[%emt 0:07:07]} 36. Nf2 {[%emt 0:02:35]} Na4 {[%emt 0:01:10]} 37. Bf3 {[%emt 0:02:22]} Bxf3 {[%emt 0:00:23]} 38. Kxf3 {[%emt 0:00:03]} b4 {[%emt 0:00:05]} 39. axb4 {[%emt 0:00:36]} Rxb4 {[%emt 0:00:03]} 40. Ra1 {[%emt 0:03:41]} c3 {[%emt 0:07:20]} 41. Rxb4 {[%emt 0:00:11]} axb4 {[%emt 0:00:03]} 42. b3 {[%emt 0:01:55]} Nc5 {[%emt 0:00:06]} 43. Ne4 {[%emt 0:06:30]} Nxe4 {[%emt 0:01:12]} 44. Kxe4 {[%emt 0:00:03]} Rd8 {[%emt 0:00:04]} 45. Ra4 {[%emt 0:00:16]} Rd2 {[%emt 0:00:03]} 46. Rxb4 {[%emt 0:00:16]} Rxc2 {[%emt 0:00:03]} 47. Kd3 {[%emt 0:00:37]} Rc1 {[%emt 0:01:28]} 48. Rc4 {[%emt 0:00:48]} c2 {[%emt 0:00:04]} 49. b4 {[%emt 0:00:39]} Kd7 {[%emt 0:00:12]} 50. Kd2 {[%emt 0:01:11]} Rf1 {[%emt 0:00:42]} 51. Kxc2 {[%emt 0:00:09]} Rf2+ {[%emt 0:00:02]} 52. Kb3 {[%emt 0:00:09]} Rf3+ {[%emt 0:00:03]} 53. Ka4 {[%emt 0:00:05]} Rf1 {[%emt 0:00:02]} 54. b5 {[%emt 0:00:11]} Ra1+ {[%emt 0:00:03]} 55. Kb4 {[%emt 0:00:06]} Rb1+ {[%emt 0:00:02]} 56. Ka5 {[%emt 0:00:06]} Ra1+ {[%emt 0:00:03]} 57. Kb6 {[%emt 0:00:05]} Ra8 {[%emt 0:00:03]} 58. Kb7 {[%emt 0:00:16]} Ra2 {[%emt 0:00:04]} 59. b6 {[%emt 0:00:12]} Rb2 {[%emt 0:00:05]} 60. Ka7 {[%emt 0:00:06]} Ra2+ {[%emt 0:00:14]} 61. Kb8 {[%emt 0:00:07]} Rb2 {[%emt 0:00:05]} 62. b7 {[%emt 0:00:08]} 1-0

[Event "2nd Gujarat Open 2019"]
[Site "Ahmedabad, Gujarat"]
[Date "2019.09.25"]
[Round "6.29"]
[White "Kshatriya Nitin Vekhande"]
[Black "Deshmukh, Anup"]
[Result "1/2-1/2"]
[WhiteElo "1926"]
[BlackElo "2193"]
[Annotator "NA"]
[PlyCount "46"]
[EventDate "2019.09.22"]
[EventType "swiss"]
[EventCountry "IND"]
[SourceTitle "playchess.com"]
[Source "ChessBase"]
[SourceQuality "1"]
[TimeControl "5400+30"]

1. e4 {[%emt 0:00:00]} Nc6 {[%emt 0:00:00]} 2. d4 {[%emt 0:00:00]} e5 {[%emt 0:00:00]} 3. d5 {[%emt 0:00:00]} Nce7 {[%emt 0:00:03]} 4. c4 {[%emt 0:00:39]} Ng6 {[%emt 0:00:12]} 5. Bd3 {[%emt 0:00:34]} Nf6 {[%emt 0:01:17]} 6. Ne2 {[%emt 0:00:26]} Bc5 {[%emt 0:00:49]} 7. h3 {[%emt 0:02:03]} a5 {[%emt 0:05:47]} 8. Nbc3 {[%emt 0:02:06]} O-O {[%emt 0:00:29]} 9. Na4 {[%emt 0:11:02]} Ba7 {[%emt 0:05:04]} 10. O-O {[%emt 0:02:09]} c6 {[%emt 0:01:26]} 11. Nac3 {[%emt 0:06:08]} d6 {[%emt 0:00:33]} 12. Ng3 {[%emt 0:06:28]} Bd7 {[%emt 0:03:44]} 13. Nce2 {[%emt 0:01:07]} cxd5 {[%emt 0:04:20]} 14. cxd5 {[%emt 0:03:51]} b5 {[%emt 0:03:45]} 15. Kh1 {[%emt 0:00:43]} Rc8 {[%emt 0:04:57]} 16. f4 {[%emt 0:16:10]} Ng4 {[%emt 0:05:08]} 17. Qe1 {[%emt 0:07:26]} exf4 {[%emt 0:03:39]} 18. Nxf4 {[%emt 0:00:42]} Qh4 {[%emt 0:01:41]} 19. Be2 {[%emt 0:16:15]} Rc2 {[%emt 0:12:02]} 20. Bxg4 {[%emt 0:14:59]} Bxg4 {[%emt 0:00:20]} 21. Nf5 {[%emt 0:00:56]} Qxe1 {[%emt 0:11:04]} 22. Rxe1 {[%emt 0:00:56]} Bxf5 {[%emt 0:00:45]} 23. exf5 {[%emt 0:00:29]} Ne5 {[%emt 0:00:10]} 1/2-1/2

[Event "2nd Gujarat Open 2019"]
[Site "Ahmedabad, Gujarat"]
[Date "2019.09.25"]
[Round "6.30"]
[White "Lakshmi Narayanan M V"]
[Black "Chaitanya Sairam Mogili"]
[Result "1/2-1/2"]
[WhiteElo "2188"]
[BlackElo "1908"]
[Annotator "NA"]
[PlyCount "50"]
[EventDate "2019.09.22"]
[EventType "swiss"]
[EventCountry "IND"]
[SourceTitle "playchess.com"]
[Source "ChessBase"]
[SourceQuality "1"]
[TimeControl "5400+30"]

1. d4 {[%emt 0:00:00]} Nf6 {[%emt 0:00:00]} 2. c4 {[%emt 0:00:00]} c5 {[%emt 0:00:00]} 3. e3 {[%emt 0:00:25]} g6 {[%emt 0:00:13]} 4. Nc3 {[%emt 0:00:29]} Bg7 {[%emt 0:00:45]} 5. Nf3 {[%emt 0:00:23]} O-O {[%emt 0:00:05]} 6. Be2 {[%emt 0:01:13]} cxd4 {[%emt 0:00:05]} 7. exd4 {[%emt 0:00:18]} d5 {[%emt 0:00:06]} 8. O-O {[%emt 0:00:24]} Nc6 {[%emt 0:00:16]} 9. h3 {[%emt 0:01:25]} dxc4 {[%emt 0:05:36]} 10. Bxc4 {[%emt 0:02:16]} b6 {[%emt 0:00:19]} 11. Re1 {[%emt 0:06:39]} Bb7 {[%emt 0:05:39]} 12. a3 {[%emt 0:04:56]} Rc8 {[%emt 0:02:37]} 13. Ba2 {[%emt 0:01:03]} Re8 {[%emt 0:04:33]} 14. Bxf7+ {[%emt 0:04:11]} Kxf7 {[%emt 0:06:26]} 15. Ng5+ {[%emt 0:03:07]} Kg8 {[%emt 0:00:23]} 16. Qb3+ {[%emt 0:01:41]} Nd5 17. Nxd5 {[%emt 0:03:37]} e6 {[%emt 0:08:43]} 18. Rxe6 {[%emt 0:19:26]} Rxe6 {[%emt 0:07:51]} 19. Nxe6 {[%emt 0:02:30]} Na5 {[%emt 0:31:44]} 20. Nxd8 {[%emt 0:04:04]} Nxb3 {[%emt 0:00:17]} 21. Nxb7 {[%emt 0:02:03]} Re8 {[%emt 0:00:19]} 22. Rb1 {[%emt 0:04:20]} Re1+ {[%emt 0:00:45]} 23. Kh2 {[%emt 0:00:07]} Bxd4 {[%emt 0:00:20]} 24. Nc3 {[%emt 0:05:28]} Rxc1 {[%emt 0:01:44]} 25. Rxc1 {[%emt 0:01:29]} Nxc1 {[%emt 0:00:06]} 1/2-1/2

[Event "2nd Gujarat Open 2019"]
[Site "Ahmedabad, Gujarat"]
[Date "2019.09.25"]
[Round "6.31"]
[White "Mehdi Hasan Parag"]
[Black "Saypuri Srithan"]
[Result "1/2-1/2"]
[WhiteElo "2183"]
[BlackElo "1865"]
[Annotator "NA"]
[PlyCount "60"]
[EventDate "2019.09.22"]
[EventType "swiss"]
[EventCountry "IND"]
[SourceTitle "playchess.com"]
[Source "ChessBase"]
[SourceQuality "1"]
[TimeControl "5400+30"]

1. e4 e5 {[%emt 0:07:38]} 2. Nf3 {[%emt 0:00:00]} Nf6 {[%emt 0:00:07]} 3. Nxe5 {[%emt 0:00:02]} d6 {[%emt 0:00:07]} 4. Nf3 {[%emt 0:00:04]} Nxe4 {[%emt 0:00:03]} 5. Nc3 {[%emt 0:00:17]} Nxc3 {[%emt 0:00:05]} 6. dxc3 {[%emt 0:00:07]} Be7 {[%emt 0:00:04]} 7. Be3 {[%emt 0:00:05]} Nc6 {[%emt 0:00:03]} 8. Qd2 {[%emt 0:00:11]} Be6 {[%emt 0:00:06]} 9. O-O-O {[%emt 0:00:08]} Qd7 {[%emt 0:00:02]} 10. a3 {[%emt 0:00:12]} a6 {[%emt 0:00:09]} 11. Nd4 {[%emt 0:00:31]} Nxd4 {[%emt 0:00:30]} 12. Bxd4 {[%emt 0:00:13]} O-O {[%emt 0:04:04]} 13. f4 {[%emt 0:02:56]} Rac8 {[%emt 0:02:21]} 14. h3 {[%emt 0:04:02]} c5 {[%emt 0:04:30]} 15. Bf2 {[%emt 0:02:48]} d5 {[%emt 0:09:36]} 16. g4 {[%emt 0:01:57]} d4 {[%emt 0:03:28]} 17. Bg2 {[%emt 0:05:01]} Bd5 {[%emt 0:03:52]} 18. Bxd5 {[%emt 0:00:39]} Qxd5 {[%emt 0:00:05]} 19. Kb1 {[%emt 0:02:13]} Rfd8 {[%emt 0:08:24]} 20. Rhe1 {[%emt 0:05:43]} Bf8 {[%emt 0:08:01]} 21. cxd4 {[%emt 0:00:36]} cxd4 {[%emt 0:07:25]} 22. Qxd4 {[%emt 0:01:24]} Qf3 {[%emt 0:01:45]} 23. Qxd8 {[%emt 0:02:38]} Rxd8 {[%emt 0:00:21]} 24. Rxd8 {[%emt 0:00:02]} Qxf2 {[%emt 0:00:11]} 25. Ree8 {[%emt 0:01:03]} Qf1+ {[%emt 0:00:14]} 26. Ka2 {[%emt 0:00:55]} Qc4+ {[%emt 0:00:16]} 27. Kb1 {[%emt 0:00:23]} Qf1+ {[%emt 0:00:05]} 28. Ka2 {[%emt 0:00:43]} Qc4+ {[%emt 0:00:04]} 29. Ka1 {[%emt 0:00:14]} Qf1+ {[%emt 0:00:05]} 30. Ka2 {[%emt 0:00:24]} Qc4+ {[%emt 0:00:06]} 1/2-1/2